| Tag |
First Indicator |
Second Indicator |
Subfields |
| LEADER |
00000cam a2200000Ia 4500 |
| 001 |
in00002425582 |
| 006 |
m d |
| 007 |
cr cn||||||||| |
| 008 |
070802s2007 ne ab sb 001 0 eng d |
| 005 |
20260609193651.6 |
| 020 |
|
|
|a 9780444531605
|
| 020 |
|
|
|a 0444531602
|
| 035 |
|
|
|a (OCoLC)162131374
|
| 037 |
|
|
|a 131951:132058
|b Elsevier Science & Technology
|n http://www.sciencedirect.com
|
| 040 |
|
|
|a OPELS
|c OPELS
|d BAKER
|d OPELS
|d UtOrBLW
|
| 049 |
|
|
|a TEFA
|
| 050 |
1 |
4 |
|a QH541
|b .N49 2007
|
| 082 |
0 |
4 |
|a 577
|2 22
|
| 245 |
0 |
2 |
|a A new ecology :
|b systems perspective /
|c Sven Erik Jørgensen [and others].
|
| 264 |
|
1 |
|a Amsterdam ;
|a Oxford :
|b Elsevier,
|c 2007.
|
| 300 |
|
|
|a xi, 275 pages :
|b illustrations, maps ;
|c 25 cm.
|
| 336 |
|
|
|a text
|b txt
|2 rdacontent
|
| 337 |
|
|
|a computer
|b c
|2 rdamedia
|
| 338 |
|
|
|a online resource
|b cr
|2 rdacarrier
|
| 533 |
|
|
|a Electronic reproduction.
|b Amsterdam :
|c Elsevier Science & Technology,
|d 2007.
|n Mode of access: World Wide Web.
|n System requirements: Web browser.
|n Title from title screen (viewed on July 25, 2007).
|n Access may be restricted to users at subscribing institutions.
|
| 520 |
|
|
|a The diversity of nature's flora and fauna is staggering, and it is human nature to wonder how to explain the diversity, adaptability and beauty of the world that surrounds us. How can we explain the interactions between matter and energy that lead to the abiotic and biotic web of life on earth? These questions demand increasingly accurate answers as environmental managers endeavor to meet steeper sustainability benchmarks set by political agendas. This book presents an overview of the systems-based, thermodynamic properties that underpin this natural growth and development, and explains the underlying ecosystem properties that can explain the environment's response to natural perturbations and human interventions.
|
| 505 |
0 |
|
|a Preface. 1. Introduction. 2. Ecosystems have openness (thermodynamic). 3. Ecosystems have ontic openness. 4. Ecosystems have directionality. 5. Ecosystems have connectivity. 6. Ecosystems have complex dynamics (growth). 7. Ecosystems have complex dynamics (disturbances). 8. Ecosystems have broad explanatory power in ecology. 9. Ecosystem principles have applications. 10. Conclusions and final remarks. References. Index.
|
| 504 |
|
|
|a Includes bibliographical references and index.
|
| 500 |
|
|
|a Electronic resource.
|
| 650 |
|
0 |
|a Ecology.
|
| 650 |
|
0 |
|a Nature
|x Effect of human beings on.
|
| 655 |
|
7 |
|a Electronic books.
|2 local
|
| 700 |
1 |
|
|a Jørgensen, Sven Erik,
|d 1934-
|
| 776 |
1 |
|
|c Original
|z 9780444531605
|z 0444531602
|w (OCoLC)148283714
|
| 710 |
2 |
|
|a ScienceDirect (Online service)
|
| 856 |
4 |
0 |
|u http://proxy.library.tamu.edu/login?url=https://www.sciencedirect.com/science/book/9780444531605
|z Connect to the full text of this electronic book
|t 0
|
| 938 |
|
|
|a Baker & Taylor
|b BKTY
|c 150.00
|d 150.00
|i 0444531602
|n 0007188982
|s active
|
| 994 |
|
|
|a C0
|b TEF
|
| 999 |
|
|
|a MARS
|
| 999 |
f |
f |
|s 4d6af39b-078a-3431-8f94-624e458ce584
|i f6dcbc40-31c1-35c9-b9a4-e68190926970
|t 0
|
| 952 |
f |
f |
|a Texas A&M University
|b College Station
|c Electronic Resources
|s www_evans
|d Available Online
|t 0
|e QH541 .N49 2007
|h Library of Congress classification
|
| 998 |
f |
f |
|a QH541 .N49 2007
|t 0
|l Available Online
|